Enciclopedia de los juegos: las reglas de 500 juegos

Furkejuvvon:
Bibliográfalaš dieđut
Materiálatiipa: Girji
Giella:espánnjágiella
Almmustuhtton: Barcelona Paidotribo 2003
Preanttus:1a. ed
Fáttát:
Fáddágilkorat: Lasit fáddágilkoriid
Eai fáddágilkorat, Lasit vuosttaš fáddágilkora!

MARC

LEADER 00000nam a2200000 a 4500
001 UCG3294
003 CL-VaPUC
008 100819e20030000SP |||||||||||||||||spa|d
020 |a 848019717X 
082 0 4 |a 7  |b ENC  |2 21 
245 1 0 |a Enciclopedia de los juegos: las reglas de 500 juegos  
250 |a 1a. ed 
300 |a 941 p 
942 |c BK 
945 |d 20100819 00:00:00  |a mfarfan 
260 |a Barcelona  |b Paidotribo  |c 2003 
650 0 |a Juegos   |9 243060 
650 0 |a Juegos infantiles  |9 307365 
650 0 |a Juegos al aire libre  |9 474689 
650 7 |a JUEGOS TRADICIONALES  |2 CL-VaPUC  |9 421256 
650 7 |a JUEGOS DE SALON  |2 CL-VaPUC  |9 408167 
583 |a last modification  |c 20100819 00:00:00  |k Rodrigo Vera 
999 |c 342364  |d 342362 
952 |0 0  |1 1  |2 ddc  |4 0  |6 7_000000000000000_ENC_2003  |7 0  |8 C  |9 438524  |a BIBCUR  |b BIBCUR  |d 2019-11-22  |i 4709292  |o 7 ENC 2003  |p 4709292  |r 2019-11-22  |w 2019-11-22  |y BK